000
00264nam a22001217a 4500
008
180910b xxu||||| |||| 00| 0 eng d
041
_a
eng
080
_a
910
100
_a
42
101
_a
GJEO
245
_a
Introduction to Geography
_c
Getis, A
942
_2
udc
_c
BK
999
_c
47635
_d
47635